El texto expositivo : estrategias para su comprensión /
Guardado en:
| Autor Principal: | |
|---|---|
| Formato: | Libro |
| Publicado: |
Buenos Aires :
Aique,
1990
|
| Edición: | 2a. ed. |
| Series: | Estrategias de aula
|
| Materias: | |
| Etiquetas: |
Agregar Etiqueta
Sin Etiquetas, Sea el primero en etiquetar este registro!
|
| LEADER | 01265nam a22002535a 4500 | ||
|---|---|---|---|
| 001 | CEM.cems010698 | ||
| 005 | 20080314110813.0 | ||
| 008 | 130507s1990##################000#0#####d | ||
| 003 | CEMS | ||
| 020 | |a 9507010556 | ||
| 082 | 0 | 4 | |a 372.6 |
| 100 | 1 | |a Muth, Denise K. | |
| 245 | 1 | 0 | |a El texto expositivo : |b estrategias para su comprensión / |c K. Denise Muth |
| 250 | |a 2a. ed. | ||
| 260 | |a Buenos Aires : |b Aique, |c 1990 | ||
| 300 | |a 91 p. | ||
| 490 | 0 | |a Estrategias de aula | |
| 505 | 0 | |a Investigaciones sobre el texto expositivo: aportes para los docentes / Wayne H. Slater Michael F. Graves -- Cómo enseñar la estructura del texto expositivo en la lectura y la escritura / Donald J. Richgels, Lea M. McGee y Edith A. Slaton -- La enseñanza por medio de modelos analógicos / Shawn M. Glym -- Qué sabemos, qué queremos saber: una estrategia de aprendizaje / Donna M. Ogle -- Captar lo esencial en un texto expositivo / Ted Schuder, Suzanne F. Clewell y Nan Jackson | |
| 653 | |a Didáctica del lenguaje | ||
| 653 | |a Educación | ||
| 653 | |a Lectura-eseñanza | ||
| 653 | |a Biblioteca maría de los angeles saggio | ||
| 859 | |a CEMS |b BIB. CEMS - 11 de abril |h 372.6 |i M983-1a2 |p 21342.01 |t Ej.1 | ||
| 859 | |a CEMS |b BIB. CEMS - 11 de abril |h 372.6 |i M983-1a2 |p 21576.01 |t Ej.2 | ||
